01898 a2200277 4500003000500000005001700005010001700022020001500039020001500054040000900069082001200078100001800090245004300108260004900151300003400200490002800234505086800262538003201130650003601162856010601198856009101304856009201395942001201487999001901499952010201518Nust20170207153619.0 a 2010483357 a0198060661 a0918060661 cNust a621.3821 aDalal, Upena.10aWireless communication /cUpena Dalal. aNew Delhi :bOxford University Press,c2009. axvi, 772 p. :bill. ;c25 cm.0 aOxford higher education aPresent Scenario in Wireless Communication (Page-1) Fundamentals of Wireless Digital Communication (Page-19) Source Coding Techniques (Page-78) Channel Coding Techniques (Page-144) Radio Propagation over Wireless Channel (Page-197)Channel Models Diversity Equalization and Channel Estimation Techniques (Page-260) Signal Carrier Digital Modulation Techniques (Page-293) Wideband Modulation Techniques (Page-322) Wideband Modulation Techniques (Page-365) Multiplexing and Multiple user Access Techniques (Page-419) Infrastructure to Develop Mobile Communication Systems Cellular Theory (Page-448) Wireless Communication Systems and Standards (Page-485)Wireless Communication Systems and Standards (Page-510) Wireless Communication Systems and Standards 3(Page-591)MIMO Systems (Page-636) Simulation of Communication Systems and Software –Defined Radio(Page-673) aAlmirah No.39and Shelf No.4 0aWireless communication systems.423Contributor biographical informationuhttp://www.loc.gov/catdir/enhancements/fy1012/2010483357-b.html423Publisher descriptionuhttp://www.loc.gov/catdir/enhancements/fy1012/2010483357-d.html423Table of contents onlyuhttp://www.loc.gov/catdir/enhancements/fy1012/2010483357-t.html 2ddccBK c189450d189450 00102ddc40708NFICaMCSbMCSd2016-12-12l0o621.382.DALpMCS35111r2016-12-08w2016-12-12yBK